| 000 | 00368nam a2200145Ia 4500 | ||
|---|---|---|---|
| 008 | 230917s9999||||xx |||||||||||||| ||und|| | ||
| 040 |
_e57930 _aMAIN |
||
| 041 | _aEnglish | ||
| 082 | _a330.1543 K32I | ||
| 100 | _aKemp, Murray C | ||
| 245 | 0 | _aIntroduction to mathematical economics | |
| 260 |
_aNew York _bSpringer-Verlag _c1978 |
||
| 300 | _a249 p. | ||
| 942 | _cBK | ||
| 999 |
_c208144 _d208144 |
||